Statistics for German Empire Quiz

Click here to take the quiz!

General Stats

  • This quiz has been taken 41 times
  • The average score is 12 of 15

Answer Stats

HintAnswer% Correct
Year of collapse1918
97%
Largest state in the German EmpirePrussia
94%
Where was the German Empire proclaimedPalace of Versailles
88%
Hated Treaty to the GermansVersailles
88%
Number of Kaisers3
85%
2nd Largest state in the German EmpireBavaria
85%
rival of the German EmpireFrance
85%
War that Caused UnificationFranco Prussian War
79%
War that Caused collapseww1
79%
Year of Creation1871
76%
Iron ChancellorOtto Von Bismark
76%
Successor to German EmpireWeimar Republic
74%
What Rank was the Imperial Navy at in Strength2
71%
Last KaiserWilhelm 2
68%
What Alliance were the Germans in Before ww1Triple Alliance
47%

Score Distribution

Percentile by Number Answered

Percent of People with Each Score

Your Score History

You have not taken this quiz